Govt. of
Madhya Pradesh

The Astadhyayi Of Panini Volume I̜X (Record no. 15191)

MARC details
000 -LEADER
fixed length control field 003470000a22001570004500
001 - CONTROL NUMBER
control field 003286
003 - CONTROL NUMBER IDENTIFIER
control field MACL
040 ## - CATALOGING SOURCE
Original cataloging agency MACL
090 ## - LOCALLY ASSIGNED LC-TYPE CALL NUMBER (OCLC); LOCAL CALL NUMBER (RLIN)
-- 15279
-- 15278
100 ## - MAIN ENTRY--PERSONAL NAME
Personal name Joshi, S.D.
245 ## - TITLE STATEMENT
Title The Astadhyayi Of Panini Volume I̜X
Statement of responsibility, etc. S.D. Joshi
260 ## - PUBLICATION, DISTRIBUTION, ETC. (IMPRINT)
Place of publication, distribution, etc. Sahitya Akademi,
Date of publication, distribution, etc. 2002
350 ## - PRICE (NR) (BK AM CF MU VM SE) [OBSOLETE]
Price 400
650 ## - SUBJECT ADDED ENTRY--TOPICAL TERM
Topical term or geographic name as entry element Bibliography
942 ## - ADDED ENTRY ELEMENTS (KOHA)
Call number prefix 10
Koha item type Library Membar
Holdings
Withdrawn status Lost status Source of classification or shelving scheme Damaged status Not for loan Home library Current library Date acquired Cost, normal purchase price Total Checkouts Full call number Barcode Date last seen Uniform Resource Identifier Price effective from Koha item type
          MACL MACL 15/04/2015 400.00   010 Book CRE015957 02/05/2024 15081 15/04/2015 Books